| 000 | 02001nam a22002057a 4500 | ||
|---|---|---|---|
| 008 | 150625b xxu||||| |||| 00| 0 eng d | ||
| 020 | _a9780421925601 | ||
| 050 | _aKJE947.W93 | ||
| 100 | _aArnull, Anthony | ||
| 245 |
_aWyatt and dashwood's European union law. / _cAnthony Arnull et al... |
||
| 250 | _a5th ed. | ||
| 260 |
_aLondon: _bSweet & Maxwell, _cc2006. |
||
| 300 |
_acl, 1224p. _c23cm. |
||
| 500 | _aincludes index | ||
| 505 | _aContents: Historical introduction: From the founding treaties to the treaty establishing a constitution for Europe -- The Constitutional order: The Institutions of the European union -- The Legislative process -- Union competences -- Constitutional foundations: Sources, supremacy and direct effect of union law -- Rights and remedies -- General principles of law -- Fundamental rights -- The Charter of fundamental rights -- European community and European union -- The Treaty establishing a constitution for Europe -- Jurisdiction of the community courts: Judicial architecture and judicial method -- Direct actions -- Preliminary rulings -- The Fundamental rights of union citizens, the internal market and beyond: Customs duties and discriminatory internal taxation -- Quantitative restrictions and measures having equivalent effect -- Union citizenship and the rights to move and reside in the union -- Freedom of movement for workers -- The Right of establishment and the freedom to provide services -- Corporate establishment, cross border acquisitions, company law harmonization, and the effect of national tax rules on the internal market -- Completing the internal market -- Completion policy: Introduction to the rules on competition -- Article 81: cartels and restrictions on competition -- Abuse of dominance: article 82 -- Enforcement of articles 81 and 82 -- Member states, public and entrusted undertakings: article 86 -- State aid. | ||
| 700 | _aDashwood, Alan | ||
| 700 | _aDougan, Michael | ||
| 700 | _aRoss, Malcolm | ||
| 942 |
_2lcc _cBK |
||
| 999 |
_c5556 _d13056 |
||